000 00459nam a2200193Ia 4500
005 20251020182541.0
008 200515s9999 xx 000 0 und d
082 _a741/G47/1979
100 _aGIESECKE, Fredericke MITCHELL, Alva SEPENCER, Henry Cecil
245 0 _aTechnical drawing
250 _a6a ed.
260 _aNew York
260 _c1974
300 _a867
500 _a1 ejemplar
650 _aDIBUJO TECNICO
650 _aLIB
942 _cLIB
999 _c2405
_d2405